=LDR 00000nam 2200000 4500 =001 INLIS000000000031272 =005 20130612133343 =008 ***********************************ind** =035 ##$$a0010-061300000031272 =041 ##$$a ind =082 ##$$a 690 =090 ##$$a 690 , Zai c =100 ##$$a Zainal A.z =245 ##$$a Cara terbaik membangun rumah, Zainal A.Z.; editor, Mode Suartika =260 ##$$a 2005 $b Jakarta =300 ##$$a vii, 33 hlm. , 29,5 cm =650 ##$$a Kontruksi Bangunan =700 ##$$a Suartika,Made =850 ##$$a NBPNMAT =990 ##$$a 0001/BPAP-NTB/20142014